000 00544nam a2200169Ia 4500
003 LDD
008 190117s9999 xx 000 0 und d
020 _c₹40
040 _cLDD
041 _ahi
082 _a8H8.703 पा 6636 स्मृ
100 _aपालीवाल, कृष्णदत्त
245 0 _aस्मृति बिम्ब
_b संस्मरण
_cकृष्णदत्त पालीवाल
260 _aनई दिल्ली
_bसचिन
_c1988
300 _a104प्र.
942 _2ddc
_cH
999 _c163406
_d163406